00000000nam##2200000za#4500
0019.588778
003CaOODSP
00520210624195316
007cr |||||||||||
008150406|1989||||xxc|||||o    f|0| 0 fre|d
040 |aCaOODSP|bfre
041 |aeng
041 |afre
043 |an-cn---
0861 |aCS96-114/1989-PDF
24500|aCaractéristiques socio-économiques de la population agricole / |h[ressource électronique]|cpar M. Beyrouti, M. Dion et S. Welsh.
260 |aOttawa - Ontario : |bStatistique Canada. |c1989.
4901 |aAgriculture|v96-114
500 |aPublication du recensement historique numérisé par Statistique Canada.
504 |aBibliographie.
590 |a13-07-Supp|b2013-03-25
69107|aDonnées du recensement|2gcpds
69107|aTravailleur agricole|2gcpds
7101 |aCanada. |bStatistique Canada. |bDivision de l'agriculture.
791 |tSocio-economic characteristics of the farm population / |eeng|w(CaOODSP)9.588777
830#0|aAgriculture ;|v96-114|w(CaOODSP)9.500694
85640|ahttp://publications.gc.ca|qPDF|s3.5 Mo|uhttps://publications.gc.ca/collections/collection_2013/statcan/rh-hc/CS96-114-1989.pdf|y96-114